ARRUPE JESUIT UNIVERSITY

CORONAVIRUS -STOP THE SPREAD - CLEAN,DISINFECT,COVER

The psychology of spirituality : (Record no. 119127)

MARC details
000 -LEADER
fixed length control field 01271cam a22002774a 4500
001 - CONTROL NUMBER
control field 16211270
003 - CONTROL NUMBER IDENTIFIER
control field ARRUPE
005 - DATE AND TIME OF LATEST TRANSACTION
control field 20140425020008.0
008 - FIXED-LENGTH DATA ELEMENTS--GENERAL INFORMATION
fixed length control field 100430s2010 enk b 001 0 eng
010 ## - LIBRARY OF CONGRESS CONTROL NUMBER
LC control number 2010017902
020 ## - INTERNATIONAL STANDARD BOOK NUMBER
International Standard Book Number 9781849050043 (alk. paper)
040 ## - CATALOGING SOURCE
Original cataloging agency DLC
Transcribing agency DLC
050 00 - LIBRARY OF CONGRESS CALL NUMBER
Classification number BF51
Item number .D179 1998
300 ## - PHYSICAL DESCRIPTION
Dimensions 22cm.
100 1# - MAIN ENTRY--PERSONAL NAME
Personal name Danesh, H.B.
9 (RLIN) 5300
245 14 - TITLE STATEMENT
Title The psychology of spirituality :
Remainder of title from divided self to integrated self /
Statement of responsibility, etc Danesh, H.B
260 ## - PUBLICATION, DISTRIBUTION, ETC. (IMPRINT)
Place of publication, distribution, etc New Delhi ;
Name of publisher, distributor, etc Sterling Paperback,
Date of publication, distribution, etc 1998.
300 ## - PHYSICAL DESCRIPTION
Extent 270p.;
504 ## - BIBLIOGRAPHY, ETC. NOTE
Bibliography, etc Includes bibliographical references (p. 250-252) and index.
505 0# - FORMATTED CONTENTS NOTE
Formatted contents note Introduction -- Themes and variations -- The relevance of spirituality -- The literature on psychology and spirituality -- Paradigm shift -- Introduction to part 2 -- Childhood spirituality -- Belonging -- Searching and re-integration -- Homecoming -- Spiritual skills -- Spiritual practices.
650 #0 - SUBJECT ADDED ENTRY--TOPICAL TERM
Topical term or geographic name as entry element Spirituality
General subdivision Psychological aspects.
9 (RLIN) 5301
650 #0 - SUBJECT ADDED ENTRY--TOPICAL TERM
Topical term or geographic name as entry element Psychology and religion.
9 (RLIN) 5302
650 #0 - SUBJECT ADDED ENTRY--TOPICAL TERM
Topical term or geographic name as entry element Psychology
General subdivision Religious aspects.
9 (RLIN) 5303
906 ## - LOCAL DATA ELEMENT F, LDF (RLIN)
a 7
b cbc
c orignew
d 1
e ecip
f 20
g y-gencatlg
942 ## - ADDED ENTRY ELEMENTS (KOHA)
Source of classification or shelving scheme Library of Congress Classification
Koha item type Monograph ( Printed materials)
Koha issues (borrowed), all copies 4
Holdings
Withdrawn status Lost status Source of classification or shelving scheme Damaged status Not for loan Collection code Home library Current library Shelving location Date acquired Total Checkouts Full call number Barcode Date last seen Date checked out Price effective from Koha item type
    Library of Congress Classification     Main Collection ARRUPE LIBRARY ARRUPE LIBRARY Main Collection 06/12/2013 7 BF51 .D179 1998 46003073750 14/10/2020 30/09/2020 06/12/2013 Monograph ( Printed materials)

 

Arrupe Library. PO Box MP320 Mt Pleasant, Harare, Zimbabwe
263 242 745411|librarian@aju.ac.zw